Normal view
MARC view
Entry Personal Name
001 - CONTROL NUMBER
- control field: 20067
003 - CONTROL NUMBER IDENTIFIER
- control field:
005 - DATE AND TIME OF LATEST TRANSACTION
- control field: 20221124145218.0
008 - FIXED-LENGTH DATA ELEMENTS
- fixed length control field: 221124|| aca||aabn | a|a d
040 ## - CATALOGING SOURCE
- Original cataloging agency:
- Transcribing agency:
100 ## - HEADING--PERSONAL NAME
- Personal name: ABOYEJI, Sam and Kafilat Ayanbanjo
670 ## - SOURCE DATA FOUND
- Source citation: Work cat.: ()10193: ABOYEJI, Sam and Kafilat Ayanbanjo, GRACE for living: A daily devotional January - December 2021/
